000 02002nam a2200205Ia 4500
999 _c6637
_d6637
008 200103s 2014 ||||xx |||||||||||||| ||und||
020 _a9788174091955
082 _a510.2462
_bGRE
100 _aGrewal, B. S.
245 0 _aHigher engineering mathematics
250 _a43rd
260 _bKhanna Publishers
_c2014
_aDelhi
300 _axi,1315p.
504 _aUnit I: Algebra, vectors, and geometry solution of equations linear algebra: Determinants, matrices vector Algebra and solid Geometry Unit II: calculus differential Calculus and its applications partial differentiation and its applications integral calculus and its applications multiple Integrals and Beta, Gamma functions vector calculus and its applications Unit III: series infinite series Fourier series Unit IV: differential equations differential equations of first order applications of differential equations of first order linear differential equations applications of linear differential equations differential equations of other types series solution of differential equations and special functions partial differential equations applications of partial differential equations Unit V: complex analysis complex Numbers and functions calculus of complex functions Unit VI: transforms Laplace transforms Fourier transforms z-transforms Unit VII: numerical techniques empirical laws and curve-fitting statistical methods probability and distributions sampling and inference Numerical solution of equations finite difference and interpolation Numerical differentiation and integration difference equations Numerical solution of ordinary differential equations Numerical solution of partial differential equations Unit VIII: special topics calculus of variations. Integral Equations. Discrete Mathematics. Tensor Analysis
650 _aDiscrete Mathematics
650 _aIntegral Equations.
650 _aTensor Analysis
700 _aGrewal, J. S.
_eCo-author
942 _cBK